00963nam a2200253 a 450000100100000000500170001000800410002702000150006804000250008308200230010810000380013124500690016925000110023826000350024930000210028449000460030550000700035165000290042165000310045083000530048191000370053495201210057199900170069200004445920201002045405.0140702s1976 sp 000 p spa d z8423913945 aDO-SdBNPbspacBNPHU a861.6bD559s, 19761 aDiego, Gerardo,d1896-198791424310aSegunda antología de sus versos :b1941-1967 /cGerardo Diego. a2a ed. aMadrid :bEspasa-Calpe,c1976. a276 P. ;c18 cm.1 aAustral. Violeta: teatro y poesíav1394 aIncluye datos biográficos del autor en la solapa de la cubierta 4aPoesía española9631 4aLiteratura española9632 0aAustral. Violeta: teatro y poesíav1394939559 aValidado. Control de calidad MFF 001050718MOaGRbGRcHDd2014-07-02iLF1l0o861.6 D559s, 1976p44459-10r2020-06-25w2020-06-25y1ZNo se presta c43948d43948